Library Banner

A simple guide to SPSS (Record no. 87701)

MARC details
000 -LEADER
fixed length control field 00446nam a22001577a 4500
005 - DATE AND TIME OF LATEST TRANSACTION
control field 20160829153548.0
008 - FIXED-LENGTH DATA ELEMENTS--GENERAL INFORMATION
fixed length control field 160829b xxu||||| |||| 00| 0 eng d
020 ## - INTERNATIONAL STANDARD BOOK NUMBER
International Standard Book Number 9780495597667
040 ## - CATALOGING SOURCE
Transcribing agency PK-LaUMT
082 ## - DEWEY DECIMAL CLASSIFICATION NUMBER
Classification number 519.50285536
Item number KIR-S
100 ## - MAIN ENTRY--PERSONAL NAME
Personal name Kirkpatrick, Lee, A.
245 ## - TITLE STATEMENT
Title A simple guide to SPSS
Statement of responsibility, etc Lee A. Kirkpatrick and Brooke c.feeney
260 ## - PUBLICATION, DISTRIBUTION, ETC. (IMPRINT)
Place of publication, distribution, etc Australia
Name of publisher, distributor, etc Wadsworth cengage learning
Date of publication, distribution, etc 2009
300 ## - PHYSICAL DESCRIPTION
Extent 115 p.
942 ## - ADDED ENTRY ELEMENTS (KOHA)
Koha item type Books
Holdings
Withdrawn status Lost status Damaged status Home library Current library Date acquired Full call number Barcode Date last seen Price effective from Koha item type
      UMT Main Campus UMT Main Campus 2016-08-29 519.50285536 KIR-S 101614 2024-07-11 2016-08-29 Books